000 00442nam a2200181Ia 4500
003 GCL
008 140319s9999 xx 000 0 eng d
040 _aGCL /
_cGCL
082 0 4 _a843
_bT J
100 1 _aTHODY, PHILIP
245 1 0 _aJEAN-PAUL SARTRE /
_cTHODY, PHILIP
260 _a[S.N] :
_bMACMILLAN ،
_c1992
300 _a180 P
650 0 4 _aLITERATURE
650 0 4 _aFRENCH FICTION
650 0 4 _aFRENCH LITERATURE
942 _2ddc
_cBK
999 _c24788
_d24788